000 00398nam a2200133Ia 4500
008 220204s9999 xx 000 0 und d
082 _a330.34(540)
_bAHL
245 0 _aIndia's economic reforms and development: Essays for Manmohan Singh
260 _aDelhi
_bOxford University Press
_c1998
650 _aLiberalization
700 _aAhluwalia, Isher Judge
700 _aLittle, I M D
942 _cBK
999 _c41657
_d41657